| 000 | nam a22 7a 4500 | ||
|---|---|---|---|
| 999 |
_c30139 _d30138 |
||
| 003 | OSt | ||
| 005 | 20171116111238.0 | ||
| 008 | 171116b xxu||||| |||| 00| 0 eng d | ||
| 040 |
_aMMU _beng _cMMU _dMMU |
||
| 050 | _aQD523.C44 2010 | ||
| 245 | _aChemistry 2213a | ||
| 260 |
_aOntario: _bWestern University, _c2010. |
||
| 300 | _ax, | ||
| 650 | _aorganic chemistry for life sciences | ||
| 942 |
_2lcc _cLOAN LOAN |
||